The underground guide to troubleshooting PC hardware : (Record no. 176609)

000 -LEADER
fixed length control field 01047 a2200217 4500
003 - CONTROL NUMBER IDENTIFIER
control field Nust
005 - DATE AND TIME OF LATEST TRANSACTION
control field 20221226103858.0
010 ## - LIBRARY OF CONGRESS CONTROL NUMBER
LC control number 95048225
020 ## - INTERNATIONAL STANDARD BOOK NUMBER
International Standard Book Number 020148997X
040 ## - CATALOGING SOURCE
Transcribing agency Nust
082 00 - DEWEY DECIMAL CLASSIFICATION NUMBER
Classification number 621.3916,POO
100 1# - MAIN ENTRY--PERSONAL NAME
Personal name Poor, Alfred E.
9 (RLIN) 105874
245 14 - TITLE STATEMENT
Title The underground guide to troubleshooting PC hardware :
Remainder of title slightly askew advice on maintaining, repairing, and upgrading your PC /
Statement of responsibility, etc. Alfred Poor.
260 ## - PUBLICATION, DISTRIBUTION, ETC.
Place of publication, distribution, etc. Reading, Mass. :
Name of publisher, distributor, etc. Addison-Wesley,
Date of publication, distribution, etc. c1996.
300 ## - PHYSICAL DESCRIPTION
Extent xxi, 247 p. :
Other physical details ill. ;
Dimensions 23 cm.
440 #4 - SERIES STATEMENT/ADDED ENTRY--TITLE
Title The underground guide series
9 (RLIN) 105875
505 ## - FORMATTED CONTENTS NOTE
Formatted contents note CPUs and Motherboards (Page-1), Memory (Page-31), Storage (Page-55), Displays (Page-91), Printers (Page-125), Multimedia Stuff (Page-159), Input Devices Keyboards, Mice, Joysticks, Scanners (Page-181), Portable Stuff (Page-207), Appendix Sources (Page-225).
650 #0 - SUBJECT ADDED ENTRY--TOPICAL TERM
Topical term or geographic name entry element IBM-compatible computers
General subdivision Maintenance and repair
-- Handbooks, manuals, etc.
9 (RLIN) 105876
650 #0 - SUBJECT ADDED ENTRY--TOPICAL TERM
Topical term or geographic name entry element IBM-compatible computers
General subdivision Upgrading
-- Handbooks, manuals, etc.
9 (RLIN) 105877
942 ## - ADDED ENTRY ELEMENTS (KOHA)
Source of classification or shelving scheme
Koha item type Book
Holdings
Withdrawn status Lost status Source of classification or shelving scheme Damaged status Not for loan Permanent Location Current Location Shelving location Date acquired Full call number Barcode Date last seen Price effective from Koha item type Public note
          Military College of Signals (MCS) Military College of Signals (MCS) General Stacks 12/12/2016 621.3916,POO MCS30545 12/08/2016 12/12/2016 Book Almirah No.40, Shelf No.1
© 2023 Central Library, National University of Sciences and Technology. All Rights Reserved.